000 00594nam a2200229Ia 4500
003 OSt
005 20220916110951.0
006 a|||||r|||| 00| 0
007 ta
008 Pun
024 _a41,183
037 _cTextbook
040 _bPun
_aARTS
_cARTS
041 _aPun
082 _aV2:25xM88w, 153M8
100 _aਇੰਦਰ ਸਿੰਘ
245 0 _aਅਬੁਲ ਕਲਾਮ ਆਗ਼ਾਦ
260 _c1988
650 _aਭਾਰਤੀਯ ਇਤਿਹਾਸ
942 _hV2:25xM88w, 153M8
_cTB
_2CC
999 _c102431
_d102431